| 000 | 00481nam a22001697a 4500 | ||
|---|---|---|---|
| 008 | 131009b xxu||||| |||| 00| 0 ger d | ||
| 020 | _a3831003092 | ||
| 041 | 0 | _ager | |
| 080 | _a141.145 | ||
| 100 | 1 | _aHindle, Tim | |
| 245 | 1 | 0 |
_aBesprechungen Organisieren : _cTim Hindle |
| 260 |
_aMünhen : _bDorling Kindersley ; _c2001 |
||
| 300 |
_a72 f. : _bme il. ; _c21 cm. |
||
| 650 | 0 | _aOrganizimi industrial | |
| 650 | 0 | _aOrganizimi i takimeve | |
| 942 |
_2udc _cBK |
||
| 999 |
_c77 _d77 |
||